| 000 | 00464cam a2200181ua 4500 | ||
|---|---|---|---|
| 020 | _c49.50 | ||
| 041 |
_aeng _h |
||
| 082 |
_a028.766 _bKIE/BI |
||
| 100 | _aKieslich, K . | ||
| 245 |
_aBiotechnology: A Comprehensive treatise in 8 volumes / _cK Kieslich. _hTextual Documents |
||
| 260 |
_aWeinheim : _bVerlag Chemie , _c1984. |
||
| 300 | _a473 ; . | ||
| 365 | _a49.50 | ||
| 500 | _a** Reference | ||
| 504 | _a | ||
| 942 | _cBK | ||
| 999 |
_c10899 _d10899 |
||